书目信息 |
| 题名: |
关系数据库管理系统ORACLE原理与应用
|
|
| 作者: | 孟小峰 编 | |
| 分册: | ||
| 出版信息: | 北京 电子工业出版社 1993.03 |
|
| 页数: | 270页 | |
| 开本: | 16开 | |
| 丛书名: | ||
| 单 册: | ||
| 中图分类: | TP311.132.3 | |
| 科图分类: | ||
| 主题词: | 软件 | |
| 电子资源: | ||
| ISBN: | 7-5053-1850-0 | |
| 000 | 00599nam0 2200193 45 | |
| 001 | 0005111691 | |
| 005 | 20000518175222.9 | |
| 010 | @a7-5053-1850-0@d10.80元 | |
| 100 | @a20000511d1993 km y0chiy0120 ea | |
| 101 | @achi | |
| 105 | @a z 000yy | |
| 200 | 1 | @a关系数据库管理系统ORACLE原理与应用@AGuan Xi Shu JuKu Guan Li Xi Tong ORACLE Yuan Li Yu Ying Yong@f孟小峰编@FMeng Xiao Feng Bian |
| 210 | @a北京@c电子工业出版社@d1993.03 | |
| 215 | @a270页@d16开 | |
| 606 | 0 | @a软件 |
| 690 | @aTP311.132.3@v3 | |
| 701 | @a孟小峰@4编 | |
| 801 | @aCN@bPftUser@c20000511 | |
| 905 | @b55587@dTP311.132.3@eM256@f1 | |
| 关系数据库管理系统ORACLE原理与应用/孟小峰编.-北京:电子工业出版社,1993.03 |
| 270页;16开 |
| ISBN 7-5053-1850-0:10.80元 |
| ● |
| 相关链接 |
|
|
|
正题名:关系数据库管理系统ORACLE原理与应用
索取号:TP311.132.3/M256
 
预约/预借
| 序号 | 登录号 | 条形码 | 馆藏地/架位号 | 状态 | 备注 |
| 1 | 55587 | 200555871 | 期刊室512/301自科库 40排6列5层/ [索取号:TP311.132.3/M256] | 在馆 |